00360nam a2200133Ia 4500008004100000041000800041082001600049100001900065245005100084260005300135300002000188563000700208650001100215210707s1984 xx 000 0 und d aeng a582.13 COVW aCOVENTRY (B O) aWild flowers of Kashmir. Series I, II and III. aDehra DunbBishen Singh Mahendra Pal Singhc1984 axvii,100,xxvi p aHB aBotany